| 000 | 00984nam a2200301Ia 4500 | ||
|---|---|---|---|
| 001 | Para_5795 | ||
| 003 | CHAP | ||
| 008 | 220125s1981 xx 000 0 und d | ||
| 010 | _a204290 | ||
| 040 | _cCHAP | ||
| 090 | _aPA TESIS 113 | ||
| 100 |
_aGarcía Lagunes, Enrique Daniel _9170235 |
||
| 245 |
_aToxicidad de varios insecticidas y mezclas contra el picudo del algodonero Anthonomus grandus Boh en condciones de laboratorio( / _c por Enrique Daniel García Lagunes |
||
| 260 |
_aCuernavaca, Mor. : _b el autor |
||
| 300 | _a75 h. | ||
| 502 | _aTesis (Biólogo. Especialidad en Ciencias Biológicas ). UAEM. | ||
| 650 |
_aAlgodón _x plagas _94046 |
||
| 650 |
_aAnthonomus grandis _96037 |
||
| 650 |
_aInsecticidas _x toxicidad _958882 |
||
| 710 |
_aUAEM. (Mor.) _9170236 |
||
| 901 | _aPA TESIS 113 | ||
| 902 | _aA | ||
| 905 | _a0000001981 0000000000 00 | ||
| 910 | _a1981 | ||
| 942 | _cPARA | ||
| 942 |
_cPARA _d1 |
||
| 999 |
_c204290 _d204290 |
||